<?xml version="1.0" encoding="UTF-8"?>
<record
    xmlns:xsi="http://www.w3.org/2001/XMLSchema-instance"
    xsi:schemaLocation="http://www.loc.gov/MARC21/slim http://www.loc.gov/standards/marcxml/schema/MARC21slim.xsd"
    xmlns="http://www.loc.gov/MARC21/slim">

  <leader>01265nam a22002657a 4500</leader>
  <controlfield tag="005">20170124103220.0</controlfield>
  <datafield tag="010" ind1=" " ind2=" ">
    <subfield code="a">B-152107</subfield>
  </datafield>
  <datafield tag="020" ind1=" " ind2=" ">
    <subfield code="c">00.00</subfield>
    <subfield code="a">8125916687</subfield>
  </datafield>
  <datafield tag="035" ind1=" " ind2=" ">
    <subfield code="a">B-152107</subfield>
  </datafield>
  <datafield tag="037" ind1=" " ind2=" ">
    <subfield code="b">Cen Lib/Ret</subfield>
  </datafield>
  <datafield tag="040" ind1=" " ind2=" ">
    <subfield code="a">DPL</subfield>
    <subfield code="b">HN</subfield>
  </datafield>
  <datafield tag="082" ind1=" " ind2=" ">
    <subfield code="a">328.5405</subfield>
    <subfield code="b">&#x92D;&#x93E;&#x930;&#x924;  </subfield>
  </datafield>
  <datafield tag="110" ind1=" " ind2=" ">
    <subfield code="a">&#x92D;&#x93E;&#x930;&#x924;. &#x938;&#x902;&#x938;&#x926;&#x940;&#x92F; &#x915;&#x93E;&#x930;&#x94D;&#x92F; &#x92E;&#x902;&#x924;&#x94D;&#x930;&#x93E;&#x932;&#x92F; </subfield>
    <subfield code="9">100804</subfield>
  </datafield>
  <datafield tag="245" ind1=" " ind2=" ">
    <subfield code="a">&#x92D;&#x93E;&#x930;&#x924; &#x938;&#x930;&#x915;&#x93E;&#x930; &#x92E;&#x947;&#x902; &#x938;&#x902;&#x938;&#x926;&#x940;&#x92F; &#x92A;&#x941;&#x938;&#x94D;&#x924;&#x93F;&#x915;&#x93E; &#x915;&#x940; &#x928;&#x93F;&#x92F;&#x92E; &#x92A;&#x941;&#x938;&#x94D;&#x924;&#x93F;&#x915;&#x93E; /</subfield>
  </datafield>
  <datafield tag="246" ind1=" " ind2=" ">
    <subfield code="a">Bharat sarkar me sansadiya pustika ki niyal pustika /</subfield>
  </datafield>
  <datafield tag="250" ind1=" " ind2=" ">
    <subfield code="a">3rd ed </subfield>
  </datafield>
  <datafield tag="260" ind1=" " ind2=" ">
    <subfield code="a"> &#x928;&#x92F;&#x940; &#x926;&#x93F;&#x932;&#x94D;&#x932;&#x940; </subfield>
    <subfield code="b">&#x935;&#x93F;&#x915;&#x93E;&#x938; &#x92A;&#x92C;&#x94D;&#x932;&#x93F;&#x936;&#x93F;&#x902;&#x917; &#x939;&#x93E;&#x909;&#x938; </subfield>
    <subfield code="c">2005</subfield>
  </datafield>
  <datafield tag="270" ind1=" " ind2=" ">
    <subfield code="b"> &#x928;&#x92F;&#x940; &#x926;&#x93F;&#x932;&#x94D;&#x932;&#x940; </subfield>
    <subfield code="a">576, &#x92E;&#x938;&#x94D;&#x91C;&#x93F;&#x926; &#x930;&#x94B;&#x921;, &#x91C;&#x902;&#x917;&#x92A;&#x941;&#x930;&#x93E; </subfield>
    <subfield code="e">110014 </subfield>
  </datafield>
  <datafield tag="300" ind1=" " ind2=" ">
    <subfield code="a">181&#x92A;&#x943;.</subfield>
    <subfield code="c">22&#x938;&#x947;&#x92E;&#x940; (&#x938;&#x91C;&#x93F;&#x932;&#x94D;&#x926;)</subfield>
  </datafield>
  <datafield tag="650" ind1=" " ind2=" ">
    <subfield code="a">&#x907;&#x902;&#x921;&#x93F;&#x92F;&#x93E;&#x964; - &#x938;&#x902;&#x938;&#x926; - &#x928;&#x93F;&#x92F;&#x92E; &#x914;&#x930; &#x905;&#x92D;&#x94D;&#x92F;&#x93E;&#x938;</subfield>
    <subfield code="9">100805</subfield>
  </datafield>
  <datafield tag="650" ind1=" " ind2=" ">
    <subfield code="a">&#x938;&#x902;&#x938;&#x926;&#x940;&#x92F; &#x905;&#x92D;&#x94D;&#x92F;&#x93E;&#x938; - &#x92D;&#x93E;&#x930;&#x924;</subfield>
    <subfield code="9">112844</subfield>
  </datafield>
  <datafield tag="650" ind1=" " ind2=" ">
    <subfield code="a">India. -- Parliament -- Rules and practice</subfield>
    <subfield code="9">100807</subfield>
  </datafield>
  <datafield tag="650" ind1=" " ind2=" ">
    <subfield code="a">Parliamentary practice -- India</subfield>
    <subfield code="9">100808</subfield>
  </datafield>
  <datafield tag="942" ind1=" " ind2=" ">
    <subfield code="2">ddc</subfield>
    <subfield code="c">HN</subfield>
    <subfield code="h">328.5405</subfield>
    <subfield code="m">&#x92D;&#x93E;&#x930;&#x924; </subfield>
  </datafield>
  <datafield tag="999" ind1=" " ind2=" ">
    <subfield code="c">121770</subfield>
    <subfield code="d">121770</subfield>
  </datafield>
  <datafield tag="952" ind1=" " ind2=" ">
    <subfield code="0">0</subfield>
    <subfield code="1">0</subfield>
    <subfield code="4">0</subfield>
    <subfield code="7">0</subfield>
    <subfield code="a">L</subfield>
    <subfield code="b">L</subfield>
    <subfield code="d">2015-10-13</subfield>
    <subfield code="e">Cen Lib/Ret</subfield>
    <subfield code="g">295.00</subfield>
    <subfield code="l">4</subfield>
    <subfield code="m">1</subfield>
    <subfield code="o">328.5405 &#x92D;&#x93E;&#x930;&#x924;</subfield>
    <subfield code="p">B-152107</subfield>
    <subfield code="r">2024-06-24 00:00:00</subfield>
    <subfield code="s">2024-05-10</subfield>
    <subfield code="t">1</subfield>
    <subfield code="v">295.00</subfield>
    <subfield code="w">2016-09-15</subfield>
    <subfield code="y">HN</subfield>
  </datafield>
  <datafield tag="952" ind1=" " ind2=" ">
    <subfield code="0">0</subfield>
    <subfield code="1">0</subfield>
    <subfield code="4">0</subfield>
    <subfield code="7">0</subfield>
    <subfield code="a">L</subfield>
    <subfield code="b">L</subfield>
    <subfield code="d">2015-12-23</subfield>
    <subfield code="e">Cen Lib/Ret</subfield>
    <subfield code="g">295.00</subfield>
    <subfield code="l">0</subfield>
    <subfield code="o">328.5405 &#x92D;&#x93E;&#x930;&#x924;</subfield>
    <subfield code="p">B-152108</subfield>
    <subfield code="r">2015-12-23 00:00:00</subfield>
    <subfield code="t">2</subfield>
    <subfield code="v">295.00</subfield>
    <subfield code="w">2015-12-23</subfield>
    <subfield code="y">HN</subfield>
  </datafield>
</record>
